| 000 | 00504nam a22002057a 4500 | ||
|---|---|---|---|
| 003 | LK-CoDNM | ||
| 005 | 20250205141532.0 | ||
| 008 | 250131b |||||||| |||| 00| 0 eng d | ||
| 040 |
_aLK-CoDNM _dLK-CoDNM _eLK-CoDNM |
||
| 041 | _aeng | ||
| 080 | _a93 | ||
| 100 | _aNagendra,Kaviraj Nath sen Gupta | ||
| 245 | _aThe Ayurvedic System Of Medicine | ||
| 250 | _atenth | ||
| 260 |
_alondon _bchruchill _c1906 |
||
| 300 | _a778P. : ill ; 24 cm | ||
| 490 | _vtwo | ||
| 650 | _ascience | ||
| 942 | _cBK | ||
| 999 |
_c237797 _d237797 |
||